Návrh antény pre nositeľné zariadenie v simulačnom prostredí
Gespeichert in:
| 1. Verfasser: | |
|---|---|
| Weitere Verfasser: | |
| Format: | Manuskript Buch |
| Sprache: | Slowakisch |
| Veröffentlicht: |
Bratislava :
STU v Bratislave FEI,
2023
|
| Schlagworte: | |
| Online-Zugang: | https://opac.crzp.sk/?fn=detailBiblioFormChildKOMAM&sid=925BFB95FAA30F22909BCC019F0C&seo=CRZP-detail-kniha |
| Tags: |
Keine Tags, Fügen Sie das erste Tag hinzu!
|
MARC
| LEADER | 00000ntm a22000003a 4500 | ||
|---|---|---|---|
| 001 | stuzp93462 | ||
| 003 | SK-STU | ||
| 005 | 20241114131741.7 | ||
| 007 | ta | ||
| 008 | 150427s2015----xo-----f-mn---000-0-slo-d | ||
| 040 | |a STU |b slo | ||
| 041 | 0 | |a slo | |
| 044 | |a xo | ||
| 100 | 1 | |a Halaj, Samuel |u 033000 |4 aut |U FEI Fakulta elektrotechniky a informatiky |T FEI Ústav elektroniky a fotoniky |X 104464 |U E030 |Y 549 |7 104464 | |
| 242 | 0 | 1 | |a Antenna design for a wearable device in a simulation software |y eng |
| 245 | 1 | 0 | |a Návrh antény pre nositeľné zariadenie v simulačnom prostredí |
| 260 | |a Bratislava : |b STU v Bratislave FEI, |c 2023 | ||
| 300 | |a 65 s. | ||
| 650 | 4 | |a Mikropásková anténa |2 slo | |
| 650 | 4 | |a Monopól |2 slo | |
| 650 | 4 | |a Comsol |2 slo | |
| 650 | 4 | |a Frekvencie |2 slo | |
| 650 | 4 | |a žiarenie |2 slo | |
| 650 | 4 | |a Anténa |2 slo | |
| 650 | 4 | |a Antenna |2 eng | |
| 650 | 4 | |a Frequencies |2 eng | |
| 650 | 4 | |a Radiation |2 eng | |
| 650 | 4 | |a Microstrip antenna |2 eng | |
| 650 | 4 | |a Monopole |2 eng | |
| 650 | 4 | |a Comsol |2 eng | |
| 700 | 1 | |a Jagelka, Martin |u 033000 |k Z2 |4 ths |U FEI Fakulta elektrotechniky a informatiky |T FEI Ústav elektroniky a fotoniky |X 8041 |U E030 |Y 549 |7 A000008041 | |
| 856 | 4 | |u https://opac.crzp.sk/?fn=detailBiblioFormChildKOMAM&sid=925BFB95FAA30F22909BCC019F0C&seo=CRZP-detail-kniha | |